00739nam a22002057a 450000500170000001000150001702000260003203500140005803700140007208200110008624501980009726000490029527000480034430000340039250000280042670000180045470000200047270000230049270000180051520180507103536.0 aENG-122893 a9789385926785c500.00 aEN-106425 bDBAD/PUB. a515.35 aProceedings of the national seminar on recent advances in differential equations & its applications:ced. by K.S. Lakshmi; J. Sathya Priya; Sujatha Seshadri [and] R.Om Gayathri b(DEAPP 2017) / aNew Delhi bAllied Publishers Private c2017 a1/13-14 Asaf Ali Road ,bNew Delhi e110002 axxv, 165p. c24cm (pbk)bill. aIt include author index aLakshmi, K.S. aJ. Sathya Priya aSeshadri, Sujatha aR.Om Gayathri